<The> Development of corporate tax in EU-28
Skúmanie vývoja korporátnej dane v rámci daňového systému. Pozitíva a negatíva porovnávania korporátnych daňových príjmov medzi krajinami. Zhodnotenie vývoja korporátnych daní v krajinách EÚ-28 v rokoch 2000-2015. Odlišnosti zdaňovania korporácií v rámci jednotlivých krajín EÚ.
Saved in:
| Main Author: | |
|---|---|
| Other Authors: | |
| Format: | Book Chapter |
| Language: | Slovak |
| Subjects: | |
| Tags: |
No Tags, Be the first to tag this record!
|
MARC
| LEADER | 00000nla a2200000 4500 | ||
|---|---|---|---|
| 001 | 0235551 | ||
| 005 | 20240417075125.9 | ||
| 041 | 0 | |a slo | |
| 044 | |a US | ||
| 245 | 1 | 0 | |a <The> Development of corporate tax in EU-28 |c Anna Bánociová, Slavomíra Martinková |
| 520 | |a Skúmanie vývoja korporátnej dane v rámci daňového systému. Pozitíva a negatíva porovnávania korporátnych daňových príjmov medzi krajinami. Zhodnotenie vývoja korporátnych daní v krajinách EÚ-28 v rokoch 2000-2015. Odlišnosti zdaňovania korporácií v rámci jednotlivých krajín EÚ. | ||
| 610 | 2 | 0 | |a dane |
| 610 | 2 | 0 | |a sadzby daňové |
| 610 | 2 | 0 | |a korporácie |
| 610 | 2 | 0 | |a Európska únia |
| 610 | 2 | 0 | |a systémy daňové |
| 610 | 2 | 0 | |a dane korporatívne |
| 100 | 1 | |a Bánociová, Anna | |
| 700 | 1 | |a Martinková, Slavomíra | |